000 00395nam a22001217a 4500
999 _c10096
_d10096
003 OSt
008 201218b ||||| |||| 00| 0 eng d
245 _aIndian Journal of Science and Technology
250 _a2014(Jul Vol.7 No.7, Aug Vol.7 No.8, Sep Vol.7 No.9)
260 _aChennai, Tamil Nadu
_bIndian Society for Education and Environment
650 _aInformation Technology
942 _2ddc
_cBV